书目信息 |
| 题名: |
学术英语议论文阅读与写作
|
|
| 作者: | 田园 , 赵燚 主编 | |
| 分册: | ||
| 出版信息: | 北京 清华大学出版社 2024.08 |
|
| 页数: | 160页 | |
| 开本: | 26cm | |
| 丛书名: | ||
| 单 册: | ||
| 中图分类: | H319.37 , H319.36 | |
| 科图分类: | ||
| 主题词: | 英语--议论文--阅读教学--教材 , 英语--议论文--写作--教材 | |
| 电子资源: | ||
| ISBN: | 978-7-302-66768-1 | |
| 000 | 01252nam0 2200313 450 | |
| 001 | 01161132 | |
| 005 | 20251022102548.11 | |
| 010 | @a978-7-302-66768-1@dCNY52.00 | |
| 100 | @a20240925d2024 em y0chiy0120 ea | |
| 101 | 0 | @achi@aeng |
| 102 | @aCN@b110000 | |
| 105 | @ay az 000yy | |
| 106 | @ar | |
| 200 | 1 | @a学术英语议论文阅读与写作@9xue shu ying yu yi lun wen yue du yu xie zuo@f田园,赵燚主编 |
| 210 | @a北京@c清华大学出版社@d2024.08 | |
| 215 | @a160页@d26cm | |
| 300 | @a通用学术英语系列教材 | |
| 312 | @a封面英文题名:Academic English reading and writing argumentative essays | |
| 320 | @a有书目(第159-160页) | |
| 330 | @a本书共八个单元,每单元均包含阅读和写作两大部分。阅读部分精选了众多领域涉及经典和最新话题的议论文,培养学生的社会责任感和公民意识,引导他们关注社会热点问题;写作部分详细介绍了学术英语议论文的写作步骤和技巧,帮助学生学会理性表达,积极参与社会讨论。 | |
| 510 | 1 | @aAcademic English reading and writing argumentative essays@zeng |
| 606 | 0 | @a英语@x议论文@x阅读教学@j教材 |
| 606 | 0 | @a英语@x议论文@x写作@j教材 |
| 690 | @aH319.37@v5 | |
| 690 | @aH319.36@v5 | |
| 701 | 0 | @a田园@9tian yuan@4主编 |
| 701 | 0 | @a赵燚@9zhao yi@4主编 |
| 801 | 0 | @aCN@c20250905 |
| 905 | @a河南城建学院图书馆@dH319.37@eT685-2@ZT685-2@f1 | |
| 学术英语议论文阅读与写作/田园,赵燚主编.-北京:清华大学出版社,2024.08 |
| 160页;26cm |
| 通用学术英语系列教材 |
| ISBN 978-7-302-66768-1:CNY52.00 |
| 本书共八个单元,每单元均包含阅读和写作两大部分。阅读部分精选了众多领域涉及经典和最新话题的议论文,培养学生的社会责任感和公民意识,引导他们关注社会热点问题;写作部分详细介绍了学术英语议论文的写作步骤和技巧,帮助学生学会理性表达,积极参与社会讨论。 |
| ● |
| 相关链接 |
|
|
|
正题名:学术英语议论文阅读与写作
索取号:H319.37/T685-2
 
预约/预借
| 序号 | 登录号 | 条形码 | 馆藏地/架位号 | 状态 | 备注 |
| 1 | 1631646 | 216316467 | 语言库209/209语言库 43排4列5层/ [索取号:H319.37/T685-2] | 在馆 |